| 000 | 01635cam a22002054a 4500 | ||
|---|---|---|---|
| 005 | 20250605164028.0 | ||
| 008 | 250528s ||||||||||||||||||||||||d | ||
| 035 | _a16534 | ||
| 020 | _a9600104972 | ||
| 040 |
_aGR-AtMCL _bgre _dGR-AtMCL _eAACR2 |
||
| 245 | 1 | _aΗ Επιστημονική Μελέτη / Οδηγός Σχεδιασμού και Διαχείρισης Πανεπιστημιακών Ερευνητικών Εργασιών | |
| 260 |
_bGutenberg, _c1996 |
||
| 300 | _a360 | ||
| 520 | _aΈνας Πρακτικός Οδηγός για τους σπουδαστές που ενδιαφέρονται να συντάξουν ορθά κι ευπαρουσίαστα μια έκθεση των ερευνών τους. Πρόλογος στην Ελληνική Έκδοση, Η ΠροετοιμασίαΈρευνα και ο Σπουδαστής - Ερευνητής, Η Επιλογή του Θέματος της Έρευνας και η αιτολόγηση της, Ο Σχεδιασμός της Ερευνητικής Εργασίας, Η Διερεύνηση της Βιβλιογραφίας, Η Συλλογή και Ανάλυση Στοιχείων, Η Ανάλυση των Δεδομένων, Η Συλλογή των Δεδομένων (Στοιχείων), Η Παραγωγή των Αποτελεσμάτων της Έρευνας, Η Διεξαγωγή της Έρευνας, Η Παρουσίαση των Αποτελεσμάτων της Έρευνας, Επίλογος. | ||
| 700 | 1 |
_aHoward Keith _91389 |
|
| 700 | 1 |
_aSharp John A _91390 |
|
| 942 | _cBK | ||
| 999 |
_c2027 _d2027 |
||